Statistics for Страны по частичному изображению флага #3

Click here to take the quiz!

General Stats

  • This quiz has been taken 185 times
  • The average score is 13 of 16

Answer Stats

Answer% Correct
Франция
97%
Саудовская Аравия
95%
Казахстан
92%
Ямайка
91%
Швейцария
90%
Япония
90%
Албания
86%
Испания
85%
Египет
83%
Шри-Ланка
83%
Филиппины
82%
Индия
81%
Северная Корея
80%
Грузия
64%
Сингапур
54%
Гаити
40%

Score Distribution

Percentile by Number Answered

Percent of People with Each Score

Your Score History

You have not taken this quiz